LEADER 00743naa a2200145 i 4500 001 000000318661 003 CaOOAMICUS 005 20180831173252.0 008 180831n xx u000 u eng u 013 $a28202 040 $aSeMil$bita 100 1 $aArcher, Margaret Scotford.$0(OLS)http://semarc/name/63427 245 10$aFamily concerns and inter-generational solidarity. 773 0 $tCrisis in a global economy, re-planning the journey.$dVatican City : Pontificia Academia Scientiarum Socialium, 2011.$kPontificiae academiae scientiarum = The pontifical academy of social sciences$kPontificiae academiae scientiarum acta$z978-88-86726-27-6$gp.122-144$w()207884 996 $6245$aFamily concerns and inter-generational solidarity$9(OLS)http://semarc/title/392080 LEADER 01335nam a2200277 i 4500 001 000000239547 003 CaOOAMICUS 005 20240328144901.0 008 150310s2014 it u000 u spa u 020 $a978-84-95269-63-8 040 $aSeMil$bita 100 1 $aSerra Estellés, Xavier <1946- >.$0(OLS)http://semarc/name/10483 245 10$aInventari dels arxius parroquials de la Ribera /$cXavier Serra Estellés. 264 1$aValencia :$bFacultad de Teología San Vicente Ferrer,$c2014. 300 $a318 p. ;$c23 cm. 490 1 $aMonumenta archivorum valentina ;$v13 546 $aTesti in catalano 650 4$aValencia - Comarche - Archivi parrocchiali - Inventari.$0(OLS)http://semarc/subject/55347 830 0$aMonumenta archivorum valentina / Facultad de Teología San Vicente Ferrer ;$v13.$0(OLS)http://semarc/title/15565 850 $aSeMil 852 $aSeMil$W1$xVenegono$y1$m3B IV 52$j189893$B189893$CSeMilBibl$Z2$F200891 $81 961 $aOmaggio per recensione: Scuola Cattolica 996 $6020$a978-84-95269-63-8$9(OLS)http://semarc/number/245594 996 $6245$aInventari dels arxius parroquials de la Ribera$9(OLS)http://semarc/title/341110 996 $6264$aValencia :$bFacultad de Teología San Vicente Ferrer$9(OLS)http://semarc/publisher/39302